Roman History - Statistics

General Stats
  • This quiz has been taken 43 times
  • The average score is 9 of 15
Answer Stats
Question Answer % Correct
During which war(s) did Rome fight Carthage? Punic Wars
97%
True or False: Julius Caesar was the first emperor of Rome. False
94%
The Romans primarily spoke which language? Latin
94%
True or False: One of Julius Caesar's killers, Brutus, was close to him. True
94%
The largest Roman military units were called _____. legions
83%
Under which emperor did Rome's dominion reach its greatest extent? Trajan
69%
True or False: The Colosseum was used to stage naval battles. True
61%
Which of the following was a member of the Second Triumvirate? Antony
58%
Which of the following was NOT one of the seven hills of Rome? Janiculum
58%
Which of the following battles was NOT a Roman military disaster? Zama
56%
Which of the seven kings of Rome was overthrown by the first consuls of the Republic? Tarquinius Superbus
50%
What is a Roman holocaust? A burnt sacrifice, usually to a cthonic god
47%
Which dictator was appointed from his plow to save Rome from the Aequi? Cincinnatus
39%
Aeneas founded which city? Lavinium
31%
What was the highest ranking (non-emergency) office in the Roman Republic? Censor
8%
No matching quizzes found
Score Distribution
Percent of People with Each Score
Percentile by Number Answered
Your Score History
You have not taken this quiz